|
|
|
|
| LEADER |
00740nam a22002052a 4500 |
| 001 |
001401401 |
| 003 |
CZ BrMZK |
| 005 |
20140905132810.0 |
| 007 |
ta |
| 008 |
140708s1959 ru er|||||||||||rus d |
| 040 |
|
|
|a ABA007
|b cze
|d BOA001
|
| 100 |
1 |
|
|a Andrejev, Ivan Dmitrijevič
|7 jx20041103014
|4 aut
|
| 245 |
1 |
0 |
|a Osnovnyje zakony i kategorii materialističeskoj dialektiki /
|c I.D. Andrejev
|
| 260 |
|
|
|a Moskva :
|b Moskovskij rabočij,
|c 1959
|
| 300 |
|
|
|a 291 s.
|
| 910 |
|
|
|a BOA001
|b 2-0428.667
|b 2-0427.340
|
| 990 |
|
|
|a BK
|
| 991 |
|
|
|b 201407
|
| 996 |
7 |
|
|b 2619087171
|c 2-0427.340
|l MZK
|r Sklad / do 24 hodin
|n 0
|w 001436556
|u 000020
|a 1
|e BOA001
|j MZK50
|s A
|
| 996 |
7 |
|
|b 2619101058
|c 2-0428.667
|l MZK
|r Sklad / do 24 hodin
|n 0
|w 001436556
|u 000010
|a 1
|e BOA001
|j MZK50
|s A
|